000 00744nam a22002537a 4500
001 24679
003 UA-OsUOA
005 20220127123301.0
007 ta
008 20040226b un ||||| |||| 00| 0 ukr d
020 _a966-633-230-2
040 _aUA-OsUOA
_bukr
_cUA-OsUOA
_dUA-OsUOA
041 _aukr
044 _aUA
080 _a332.025.12
090 _a332.025.12
_bЗ-12
100 _aЗапоточний І. В.
245 _aДержавне регулювання регіональної економіки
_bнавч. посіб.
_cІ. В. Запоточний ; ред. В. І. Захарченко
260 _aХарків
_bОдіссей
_c2003
300 _a592 с.
650 7 _2UDC
942 _cBK
_2udc
955 _a0
999 _c310959
_d310959